00638 a2200145 4500003000500000005001700005040000900022082001800031100001900049245009000068260003900158300001500197505024600212650003400458Nust20221117142018.0 cNust a621.31921,CHA aChakrabarti,A. aNetwork Theory analysis and synthesisbanalysis and synthesis /cAbhijit. Chakrabarti aNew DelhibDhanpat Rai & Co.c2001 aviii,519;p aNon-sinusoidal waveforms (Page-1), Initial consitions and transient response (Page-42), Laplace transformation and its application (Page-112), Network functions (Page-223), Two port network analysis (Page-275), |Network synthesis (Page-405). aTelecommunication Engineering